00628nam a22001937a 450000500170000001000150001702000100003203500130004203700130005508200110006824500460007926000520012527000360017730000210021370000240023494200250025899900170028395201340030020100814144133.0 aENG-100262 c90.00 aEN-83794 bDBAD/PUB a821.08 aKabir bijak /ctranslated by Prem Prakash aAllahabadbPrakh Prakashak Kabir Sansthanc1997 aPritam NagarbAllahabade211001 a274p.c22cm (Hb) aPrem Prakash913443 2ddccENh821.08mKAB c41924d41924 001040718NFICaDBADbDBADd2010-08-14eDBAD/PUBg90.00l0o821.08 KABpEN-83794r2010-08-14 00:00:00t1v90.00w2010-08-14yEN